Abweichendes Verhalten in der DDR: Kriminalitätstheorien in einer sozialistischen Gesellschaft

Gespeichert in:  
Bibliographische Detailangaben
1. VerfasserIn: Sander, Günther (Verfasst von)
Medienart: Druck Buch
Sprache:Deutsch
Veröffentlicht: Frankfurt/Main [u.a.] Campus-Verl. 1979
In: Campus Forschung (121 : Forschung)
Jahr: 1979
Bestand in Tübingen:In Tübingen vorhanden.
IFK: A II 300
Verfügbarkeit prüfen: HBZ Gateway
Subito Bestelldienst: Jetzt bestellen.
Schlagwörter:

MARC

LEADER 00000cam a2200000 c 4500
001 023114363
003 DE-627
005 20260206200258.0
007 tu
008 710101s1979 gw ||||| m 00| ||ger c
015 |a 79,N31,0054  |2 dnb 
015 |a 79,A47,0152  |2 dnb 
016 7 |a 790806061  |2 DE-101 
020 |a 3593324695  |9 3-593-32469-5 
035 |a (DE-627)023114363 
035 |a (DE-603)017378672 
035 |a (DE-576)007671156 
035 |a (DE-599)GBV110403363 
035 |a (OCoLC)6086941 
035 |a (OCoLC)310486359 
035 |a (DE-604)8022603468 
040 |a DE-627  |b ger  |c DE-627  |e rakwb 
041 |a ger 
044 |c XA-DE  |c XD-US 
050 0 |a HV6115 
082 0 |a 364.3  |q OCLC 
084 |a 04a  |2 sdnb 
084 |a 04a  |a 05b  |2 sdnb 
084 |a MG 81010  |2 rvk  |0 (DE-625)rvk/122864:12035 
084 |a MR 5700  |2 rvk  |0 (DE-625)rvk/123522: 
084 |a PH 8300  |2 rvk  |0 (DE-625)rvk/136497: 
084 |a PO 4314  |2 rvk  |0 (DE-625)rvk/138436:12458 
084 |a 71.64  |2 bkl 
090 |a a 
100 1 |a Sander, Günther  |4 aut 
245 1 0 |a Abweichendes Verhalten in der DDR  |b Kriminalitätstheorien in einer sozialistischen Gesellschaft  |c Günther Sander 
264 1 |a Frankfurt/Main [u.a.]  |b Campus-Verl.  |c 1979 
300 |a 134 S.  |b graph. Darst.  |c 21 cm 
336 |a Text  |b txt  |2 rdacontent 
337 |a ohne Hilfsmittel zu benutzen  |b n  |2 rdamedia 
338 |a Band  |b nc  |2 rdacarrier 
490 1 |a Campus-Forschung  |v 121  |a Forschung 
502 |a Zugl.: Tübingen, Univ., Diss., 1978 
583 1 |a Archivierung/Langzeitarchivierung gewährleistet  |f DISS  |x XA-DE-BW  |2 pdager  |5 DE-21 
650 0 7 |0 (DE-588)4000320-6  |0 (DE-627)106401556  |0 (DE-576)208837620  |a Abweichendes Verhalten  |2 gnd 
650 0 7 |0 (DE-588)4165737-8  |0 (DE-627)105437956  |0 (DE-576)209897422  |a Kriminalitätstheorie  |2 gnd 
650 0 7 |0 (DE-588)4033178-7  |0 (DE-627)10458503X  |0 (DE-576)209000511  |a Kriminalität  |2 gnd 
650 0 7 |0 (DE-588)4055785-6  |0 (DE-627)106156829  |0 (DE-576)209115394  |a Sozialismus  |2 gnd 
650 4 |a Kriminalität 
650 4 |a Anomie 
650 4 |a Verhaltensauffälligkeit 
650 4 |a Jugendkriminalität 
651 7 |0 (DE-588)4011890-3  |0 (DE-627)104732415  |0 (DE-576)20889621X  |a Deutschland  |g DDR  |2 gnd 
651 7 |a Deutschland <DDR>  |2 gnd 
653 0 |a Criminal psychology 
653 0 |a Crime  |a Germany (East) 
653 0 |a Juvenile delinquency  |a Germany (East) 
653 0 |a Deviant behavior 
655 7 |a Hochschulschrift  |0 (DE-588)4113937-9  |0 (DE-627)105825778  |0 (DE-576)209480580  |2 gnd-content 
689 0 0 |d s  |0 (DE-588)4000320-6  |0 (DE-627)106401556  |0 (DE-576)208837620  |a Abweichendes Verhalten  |2 gnd 
689 0 |5 (DE-627) 
751 |a Tübingen  |0 (DE-588)4061147-4  |0 (DE-627)106136933  |0 (DE-576)209138351  |4 uvp 
830 0 |a Campus Forschung  |v 121 : Forschung  |9 121  |w (DE-627)12996798X  |w (DE-576)028415078  |w (DE-600)409345-8  |x 2943-3282  |7 am 
889 |w (DE-627)110403363 
889 |w (DE-627)425360776 
935 |i sf 
935 |i Blocktest 
935 |h HEB  |i 0501 
935 |h HEB  |i 0503 
936 r v |a MG 81010  |b Soziale Zusammenhänge  |k Politologie  |k Politische Systeme einzelner Länder  |k Europa, Nordamerika  |k Osteuropa (ehem. Ostblock)  |k DDR (bis 1990)  |k Politisches System (insgesamt)  |k Soziale Zusammenhänge  |0 (DE-627)1271481669  |0 (DE-625)rvk/122864:12035  |0 (DE-576)201481669 
936 r v |a MR 5700  |b Theorien des abweichenden Verhaltens  |k Soziologie  |k Sozialwissenschaftliche Theorien und Methoden  |k Jüngere soziologische Theorie  |k Theorien des abweichenden Verhaltens  |0 (DE-627)1271428180  |0 (DE-625)rvk/123522:  |0 (DE-576)201428180 
936 r v |a PH 8300  |b Kriminalbiologie; Kriminalanthropologie; Kriminalethologie; Kriminalpsychologie; Kriminalsoziologie, Abweichendes Verhalten/Soziologie; Labeling approach; Radikale Kriminologie, Kritische Kriminologie  |k Rechtswissenschaft  |k Strafrecht, Strafverfahrensrecht, Kriminologie  |k Kriminologie  |k Kriminalitätstheorien  |k Kriminalbiologie; Kriminalanthropologie; Kriminalethologie; Kriminalpsychologie; Kriminalsoziologie, Abweichendes Verhalten/Soziologie; Labeling approach; Radikale Kriminologie, Kritische Kriminologie  |0 (DE-627)1271739763  |0 (DE-625)rvk/136497:  |0 (DE-576)201739763 
936 r v |a PO 4314  |b Einzeldarstellungen  |k Rechtswissenschaft  |k Recht sozialistischer und ehemals sozialistischer Staaten (Ostrecht) bis Erscheinungsjahr 1989  |k DDR (1949-1990)  |k Strafrecht  |k Kriminologie  |k Einzeldarstellungen  |0 (DE-627)1271559692  |0 (DE-625)rvk/138436:12458  |0 (DE-576)201559692 
936 b k |a 71.64  |j Abweichendes Verhalten  |0 (DE-627)106416146 
936 s n |a p100  |2 mzub 
936 s n |a m200  |2 mzub 
938 1 0 |0 (DE-627)1756238820  |0 (DE-615)6605710  |a Abweichendes Verhalten  |2 fivt 
951 |a BO 
ELC |b 1 
LOK |0 000 xxxxxcx a22 zn 4500 
LOK |0 001 3150668794 
LOK |0 003 DE-627 
LOK |0 004 023114363 
LOK |0 005 20141110162551 
LOK |0 008 920824||||||||||||||||ger||||||| 
LOK |0 040   |a DE-21-110  |c DE-627  |d DE-21-110 
LOK |0 689   |a s  |a Sozialistische Kriminalitätstheorien 
LOK |0 852   |a DE-21-110 
LOK |0 852 1  |c A II 300  |m p  |9 00 
LOK |0 935   |a k110 
LOK |0 936ln  |a 1.6 
LOK |0 938   |k p 
LOK |0 939   |a 24-08-92  |b l01 
ORI |a SA-MARC-krimdoka001.raw 
SIG |a IFK: A II 300